000 00875nam a2200193 a 4500
008 061116s1981 ||||||||||||||||| || u
050 _aGOV.ZAM(08)BS/7
110 _aUniversity of Zambia (UNZA)
245 1 0 _aInvestigations into the operational costs of Agricultural marketing Institutions
_cby R.K. Chembe;E.A. Mayee;J.T. Phiri;J.M. Yikona
260 _aLusaka
_bNational commission for development planning
_c1981
300 _a29p.; ill.
350 _a0.00
490 _aBaseline study working papers
650 _aAGRICULTURE
650 _aAGRICULTURAL MARKETS--RESEARCH--ZAMBIA
710 _aGovernment of the Republic of Zambia (GRZ)
710 _aNational Commission for Development Planning
995 _D0.00
_FCBU-MAIN LIBRARY (Kitwe)
_H1
_I0.00
_M7
_UAVAILABLE
_WNov 16, 2006
_ZZambiana Collection
999 _c48254
_d48254